Quick Pick: Head to Toe Quiz Stats

Quiz Updated Mar 13, 2016

Challenge
Share
Tweet
Embed
Score 0/10 Timer 00:30
5 Plays Today
% Correct
Head
96.2%
Neck
93.7%
Chest
91.7%
Stomach
87.3%
Hip
81%
Thigh
75%
Knee
70.4%
Shin
67%
Toe
65.3%
Ankle
64.8%

Today's Daily Dose

Word Ladder
KISS Hit

On This Day
January 22nd

You're not logged in!

Compare scores with friends on all Sporcle quizzes.
Sign Up with Email
OR
Log In

You Might Also Like...

Show Comments

Extras

Top Quizzes Today


Score Distribution

Your Account Isn't Verified!

In order to create a playlist on Sporcle, you need to verify the email address you used during registration. Go to your Sporcle Settings to finish the process.